• 首页
  • 本馆介绍
  • 公告通知
  • 最新文献
  • 馆藏检索
  • 电子资源
  • 读者导购
  • 参考咨询
  • 我的图书馆
  • 登录
  • 详细信息显示
  • 放入我的书架
  • 预约/预借图书
  • 作者相关作品
  • 分类相关作品
  • 丛书相关作品
  • 出版社相关作品

书目信息

  • 表格格式
  • 工作单格式
  • 卡片格式
题名:
超越基因
    
 
作者: 邦德里安斯基 , 戴 著 ;王艳红 译
分册:  
出版信息: 北京   人民邮电出版社  2021
页数: 308页
开本: 21cm
丛书名: 科学新经典文丛
单 册:
中图分类: Q78-49
科图分类:
主题词: 基因工程--ji yin gong cheng--普及读物
电子资源:
ISBN: 978-7-115-56522-8
000 01598nam 2200301 450
001 2144880611
005 20211114122804.60
010    @a978-7-115-56522-8@dCNY59.90
100    @a20210812d2021 em y0chiy50 ea
101 1  @achi@ceng
102    @aCN@b110000
105    @aa a 000yy
200 1  @a超越基因@Achao yue ji yin@e被忽视的遗传因素@f(澳) 罗素·邦德里安斯基, (加) 特洛伊·戴著@d= Extended heredity@ea new understanding of inheritance and evolution@fRussell Bonduriansky, Troy Day@g王艳红译@zeng
210    @a北京@c人民邮电出版社@d2021
215    @a308页@c图@d21cm
225 2  @a科学新经典文丛@Ake xue xin jing dian wen cong
320    @a有书目 (第269-308页)
330    @a本书援引最新的科研成果,论证了我们乃至我们的祖辈、曾祖辈的人生经历能够影响子孙后代的特征。以这些科学发现为基础,提出了扩展遗传的概念,颠覆了人们一直以来持有的关于性状怎样才能在代际传递的观念。作者审视了现代生物学中的基因中心观念的发展历程,重新评估了演化理论的基本原则,阐释了非基因遗传(包括表观遗传、环境、行为和文化因素)能够在演化中扮演重要角色。非基因遗传的发现对演化生物学的一些关键问题有着重要意义,对人类健康也是如此。
410  0 @12001 @a科学新经典文丛
500 10 @aExtended heredity : a new understanding of inheritance and evolution@mChinese
517 1  @a被忽视的遗传因素@Abei hu shi de yi chuan yin su
606 0  @a基因工程@Aji yin gong cheng@j普及读物
690    @aQ78-49@v5
701  1 @a邦德里安斯基@Abang de li an si ji@g(Bonduriansky, Russell)@4著
701  1 @a戴@Adai@g(Day, Troy)@4著
702  0 @a王艳红@Awang yan hong@4译
801  0 @aCN@bBP@c20210812
905    @aZUCC@dQ78-49@e2
    
    超越基因:被忽视的遗传因素/(澳) 罗素·邦德里安斯基, (加) 特洛伊·戴著= Extended heredity:a new understanding of inheritance and evolution/Russell Bonduriansky, Troy Day/王艳红译.-北京:人民邮电出版社,2021
    308页:图;21cm.-(科学新经典文丛)
    
    
    ISBN 978-7-115-56522-8:CNY59.90
    本书援引最新的科研成果,论证了我们乃至我们的祖辈、曾祖辈的人生经历能够影响子孙后代的特征。以这些科学发现为基础,提出了扩展遗传的概念,颠覆了人们一直以来持有的关于性状怎样才能在代际传递的观念。作者审视了现代生物学中的基因中心观念的发展历程,重新评估了演化理论的基本原则,阐释了非基因遗传(包括表观遗传、环境、行为和文化因素)能够在演化中扮演重要角色。非基因遗传的发现对演化生物学的一些关键问题有着重要意义,对人类健康也是如此。
●
相关链接 在五车中查询图书 在当当中查询图书 在豆瓣中查询图书


正题名:超越基因     索取号:Q78-49/2         预约/预借

序号 登录号 条形码 馆藏地/架位号 状态 备注
1 2000886451   2000886451   第三书库/ [索取号:Q78-49/2] 在馆    
2 2000886452   2000886452   第三书库/ [索取号:Q78-49/2] 在馆    
3 2000886453   2000886453   第三书库/ [索取号:Q78-49/2] 在馆    
山东省滨州职业学院图书馆 欢迎您!
大连网信软件有限公司© 版权所有